000 00876cam a2200241 a 4500
003 OSt
005 20260205130742.0
008 940610s1994 cou b 001 0 eng
020 _a081331805X
_qhardcover : acid-free paper
020 _a0813322650
_qpbk. : acid-free paper
020 _a9780813322650
_q(pbk. : acid-free paper)
040 _aKABLIB
_cKABLIB
_beng
_erda
082 0 0 _a321.8
_223
_bPOL
245 0 4 _aThe politics of democratization :
_bgeneralizing East Asian experiences /
_cedited by Edward Friedman.
260 _aBoulder :
_bWestview Press,
_cc1994.
300 _axi, 276 p. ;
_c24 cm.
504 _aIncludes bibliographical references and index.
650 0 _aDemocracy
_zEast Asia.
_915311
650 0 _aDemocratization
_zEast Asia.
_915312
651 0 _aEast Asia
_xPolitics and government.
_915313
700 1 _aFriedman, Edward,
_915314
942 _2ddc
_cBOOK
999 _c6047
_d6047